Quizzes
Events
Quiz Creation
Community
Videos
Private Events
Remove Ads
Sign In
Join for FREE
Feedback
Dark Mode
Quiz Categories
Sports
Geography
Music
Movies
Television
Just For Fun
Miscellaneous
History
Literature
Language
Science
Gaming
Entertainment
Religion
Holiday
For Kids
Quiz Lab
Recent
Popular Today
Quiz Kudos Today
Editor Picks
Curator Picks
Quizzes by...
Day
Popularity
Type
Ratings
Length
Year
Community
Subscriptions
Recent Discussions
Orange Saloon
Badges
Playlists
Quests
Create
Leaderboards
Showdown
Live 5
Trivia Bingo
Activity
Puzzle Library
Sporcle Events
Private Events
Virtual Trivia
Globe League
Become a Host
Pub Owners
SporcleCon
Opinionation
Our Games
Videos
Blog
Mobile Apps
Partnerships
Remove Ads and Go Orange
Feedback
Music
Pop Music
The Beatles
Song
Album
Lyrics
Bands
Singers
Artist
Clip
Rock
Rap
Classical
Billboard
Country Music
Kpop
Taylor Swift
Music
Pop Music
The Beatles
Song
Album
Lyrics
Bands
Singers
Artist
Clip
Rock
Rap
Classical
Billboard
Country Music
Kpop
Taylor Swift
Random Quiz
Search Sporcle
×
Quiz Lab
Quiz Lab
Music
World
Type in answers that appear in a list
Type in answers that appear in a list
Classic
Best Score? Go Orange.
End of the World Lyrics (REM) Stats
Can you name the Lyrics to REM's End of the world?
By
BonkFace
9m
49 Questions
343 Plays
343 Plays
343 Plays
Comments
Comments
Give Quiz Kudos
Give Quiz Kudos
-
- Ratings
hide this ad
Replay
Link that replays current quiz
Next Quiz
Link to next quiz in quiz playlist
You Got
0%
They Got
Avg Score
60%
Avg Friend Score
Upgrade to see
Score Distribution
Jump to the score distribution portion of the page
Score
0/49
Timer
09:00
0
Plays Today
Lyrics
% Correct
That's great it starts with an
earthquake
96.8%
birds and snakes an
aeroplane
93.6%
Eye of a
Hurricane
93%
Leonid Brezhnev
Lenny
90.4%
and
Lenny Bruce
82.2%
World serves its own
needs
82.2%
your own
needs
82.2%
It's the end of
the
81%
and I
feel
76.6%
it
and I
76.3%
Its the end of the world
as we
75.1%
Its the end
of the world
75.1%
It's the
end
73.1%
slash and burn return,
listen
72.5%
as
we
72.5%
but it'll do serve yourself
world
71.6%
It's the end of the
world
71.6%
(It's time I had
some
69.6%
Mountains sit in a line,
Leonard
69.6%
Wire in a
fire
66.1%
listen to your
heart
66.1%
It's the end of the world as we know it
and I feel fine
65.5%
a tournament
a tournament
64.6%
Offer me solution, offer me
alternatives
61.7%
You vitrilotic
patriotic
61.4%
Lyrics
% Correct
symbiotic
patriotic
61.4%
Light a
candle
61.1%
Six o'clock
tv hour
60.2%
neck
right
59.1%
and a government for hire and a
combat site
57.9%
Birthday party,
Cheesecake
57.9%
this means no fear
cavalier
56.4%
lock him in uniform, book
burning
52.6%
the ladder starts to
clatter
50.9%
uh oh overflow
population
49.1%
light a motive
step down
49.1%
feeling pretty
psyched
48.5%
The other night I dreamt a nice
continental
48.5%
Every motive escalate,
automotive
47.1%
Bean
Boom
46.2%
Feed it up a knock
speed
45.6%
represent the seven
games
38.3%
Tell me with the
rapture
35.4%
Watch your head
crush
33.9%
Look at that
low plane
31%
no
strength
27.2%
down
height
26.3%
Left her wasn't coming in a hurry with the
Furries
24.6%
Team by Team
reporters baffled
16.7%
Quiz Playlist
Details
Report
Send in Message
Add To Playlist
Classic:
Type in answers that appear in a list
Quiz Source
Last Updated: Apr 30, 2017
Quiz Scoreboard
CHALLENGE
Sign Up to Join the Scoreboard
Show All
Scores
Hide
Comments
May contain spoilers
Recently Published
Presidents Visiting Landmarks
by Hejman
History
7m
An Introduction to Baseball
by treessimontrees
Sports
5m
Movies - When Are They Set?
by FPL_Elf
Movies
5m
More to Explore
Quiz From the Vault
Featured Blog Post
Where Did the Easter Bunny Come From?
hide this ad
You Might Also Like...
Tags
Lyrics Quiz
World Quiz
end
R.E.M.
Today's Top Quizzes in Music
Browse Music
hide this ad
Today's Top Quizzes in World
Browse World
Top Contributed Quizzes in Music
1
Taylor Swift All Songs (2024)
2
Guess the Artist- 70s Songs
3
Taylor Swift Logic Puzzle
4
KPOP LOGIC QUIZ
5
One Thing in Common: Music
6
2010s Album by Cover III
7
7-to-1: Billboard Hot 100 #1 Hits of 2010s
8
Guess the Taylor Swift song (Mystery Song)
9
Sorting Albums and Songs
10
2000s Album Cover Bunker
Explore More
Trending Topics
Harry Potter
Disney
Marvel
Crossword
NBA
Anime
Kpop
Country
The Office
Puzzle
NFL
Song
Soccer
WWE
Pokémon
hide this ad
More By:
BonkFace
Quiz
Plays
Rating
Category
Featured
Created
Daft Punk Songs
1,675
3.22
Music
Sep 25, 2009
End of the World Lyrics (REM)
343
3.20
Music
Sep 25, 2009
Eiffel 65 songs
124
1.00
Music
Sep 25, 2009
After Today Lyrics
83
3.00
Music
Apr 17, 2010
Names of SHers
11
5.00
Miscellaneous
Jan 19, 2010
Go to Creator's Profile
Score Distribution
Quiz Creator Spotlight
BonkFace
Follow
Send a Message
Quizzes Created
-
Created Quiz Play Count
-
More By This Creator
Popular Quizzes Today
1
Find the US States - No Outlines Minefield
2
Find the Countries of Europe - No Outlines Minefield
3
The Countries of the World
4
Find the US States
5
Popular People in 1961
6
US States
7
Risky Map Clicking: Biggest States A-Z
8
1-10 Letter E Words III
More Music Quizzes
Quick Pick: Blink-182 Songs
Curator's Pick
Trending Quizzes
Risky Map Clicking: Least Populous States A-Z
1-10 Letter G Words
1-10 Letter F Words
One Thing in Common: United Kingdom
Risky Map Clicking: Next State Alphabetically
Recently Updated
Leaping Animals
pecheneg
Reality TV Shows (A-Z)
bhenderson79
Rickey Henderson's Hall of Fame Teammates
pecheneg
Champions League XIs: Arsenal
pecheneg
Quick Pick: Celebrities in WWE's Hall of Fame
aduchscher
A-Z Keypad Blitz II
pecheneg
Multiple Oscar Actors
pecheneg
Mystery Phrase Blitz: Oscar 'Best Actors'
pecheneg
F. Scott Fitzgerald Novels
LTH
Pick 3 Villains
ddd62291
Trending Topics
Crossword
Anime
Harry Potter
NBA
Marvel
Kpop
Disney
NFL
WWE
Soccer
Puzzle
The Office
Pokémon
Song
Country
Your Account Isn't Verified!
In order to create a playlist on Sporcle, you need to verify the email address you used during registration. Go to your
Sporcle Settings
to finish the process.
Report this User
Report this user for behavior that violates our
Community Guidelines
.
Details:
Send Report
Go to the Sporcle.com Mobile Site →
Comments